00550nam a22001937a 450000500170000001000130001702000220003003500130005203700160006504000120008108200130009310000180010624500910012426000460021527000350026130000240029665000150032065000210033520170124110250.0 aA-352167 c00.00a8121902388 aA-352167 bCen Lib/Ret aDPLbEN a531bMAT aMathur, D.S.  aMechanics for B.sc. pass and honours classes of Indian Universities /cby D.S. Mathur  aNew Delhi bSultan Chand & Company c1988 bNew Delhi aRam nagar e110055 axv, 818p.c20cm(Hb) aMachenics  aVector analysis